000 00538nam a2200181Ia 4500
008 151018s9999 xx 000 0 und d
082 _bRBASDV38980
_a891.464
100 _aयु म पठाण
245 _aनिबंधांजली
250 _b1
260 _bअनिरुद्ध साहित्य
_c2006
300 _a178
600 _aयु म पठाण
630 _aनिबंधांजली
700 _aयु म पठाण
730 _aनिबंधांजली
942 _cBOOK
999 _c1038313
_d1038310